Five Nights At Freddy's - Statistics

General Stats
  • This quiz has been taken 52 times
    40 since last reset
  • The average score is 14 of 19
Answer Stats
Question Answer % Correct
Name a character from the original roster of FNAF 1 Freddy | Bonnie | Chica | Foxy | Golden Freddy
94%
Who is the main antagonist of the games? William Afton
94%
How many children did the main antagonist have? 3
90%
How many endings does FNAF 6 (Pizzeria Simulator) have? 6
90%
How many games have been made for VR (Virtual Reality) ? 2
87%
Who is the oldest child of the main antagonist? Michael Afton
87%
Name any animatronic from the original FNAF 4 Nightmare Freddy | Nightmare Bonnie | Nightmare Chica | Nightmare Foxy | Freddles | Plushtrap | Nigtmare Fredbear | Nightmare
87%
What animatronic does the character named Charlie possess? The Puppet
87%
Who does Elizabeth Afton possess? Circus Baby
84%
What type of game is FNAF? Horror
84%
What is the nickname for the child seen in FNAF 4? The Crying Child | CC
84%
How many official, main games have been released as of July 2024? (* Excluding World and AR *) 10
81%
What is the name of the mysterious material/energy that the main antagonist tries to harvest? Remnant
77%
What does Afton become after the FNAF 6 fire, after his consciousness being digitally downloaded? Glitchtrap
71%
Who do you play as in Security Breach: Ruin? Cassie
65%
How many FNAF books are there IN TOTAL (including guides, novels and novellas) 31
58%
What is the name of the Daycare Attendant during Ruin? Eclipse
58%
What famous theory did MatPat from Game Theory propose about the protagonist in Security Breach? Gregory is a robot
39%
What is the canon ending to Security Breach, before Ruin? Princess Quest
29%
No matching quizzes found
Score Distribution
Percent of People with Each Score
Percentile by Number Answered
Your Score History
You have not taken this quiz since the last reset